01051cam a22002771i 4500001001300000003000400013005001700017007001500034008004100049010001700090035001900107040005400126042001200180050001500192051003700207100004500244245007000289260006400359300003500423500009200458530006900550650003200619710005400651856005100705999001700756e 11001029 DLC20260227111155.0cr_|||||||||||780208s1905 kyu 000 0 eng c ae 11001029  a(OCoLC)3618587 aLibrary, U.S. Bur. of EducationcDNIEdOCoLCdDLC apremarc00aF215b.M47 aYA 24749cCopy no. undetermined.1 aMayo, A. D.q(Amory Dwight),d1823-1907.14aThe government of the South by the plain people,cby A.D. Mayo... a[Berea]bPrinted by Printing dept. of Berea collegec[1905] acover-title, 32 p.c18 1/2 cm. aAn address delivered to the faculty and students of Berea college, Ky., on May 1, 1905. aAlso available in digital form on the Internet Archive Web site. 0aEducationzSouthern States.2 aYA Pamphlet Collection (Library of Congress)5DLC41uhttp://hdl.loc.gov/loc.gdc/scd0001.00144448960 c19183d19183